000 01726cad a22002655a 4500
001 L150369
008 100706s2010 xxkd f s f000 0 eng u
035 _a(Sirsi) u150369
041 _aeng
050 0 _a333.33 $2 18
110 2 _aValuation Office Agency
_93141
245 0 0 _aProperty market report 2010
_bthe annual guide to the property market across England, Wales and Scotland
_h[electronic resource]
260 _aLondon
_bVOA
_c2010
505 2 _aIntroduction -- The agricultural land and property market -- The residential building land market -- The retail market -- The office market --The industrial market -- The industrial land market -- The housing market -- Annex: methodology
520 _aThe Valuation Office Agency's first new format annual guide to the English, Welsh and Scottish property markets contains January 2010 data. The new guide offers an increased coverage of property types including shops, office and industrial property but with a reduced number of data points focusing on major property centres in the UK. Exceptionally the housing market dataset will be updated at midyear.
521 _aAdvanced
590 _aKA NTK
650 _aVOA PROPERTY MARKET REPORT
651 4 _aEngland and Wales
_y1543-
651 4 _aScotland
_y1999-
690 _aPROPERTY-PROPERTY MARKET
856 4 0 _uhttps://webarchive.nationalarchives.gov.uk/20110320170052/http://www.voa.gov.uk/publications/property_market_report/index.htm
_zView the reports Spring 2001 to 2010 free of charge at http://webarchive.gov.uk
856 4 0 _uhttps://www.voa.gov.uk/dvs/propertyMarketReport/index.html
_zView the current report (2011) and the 1982 special report free of charge at www.voa.gov.uk
942 _n0
999 _c110848
_d110848